000 00907nam a22003137a 4500
001 000470
003 DO-SdBNP
005 20231003095638.0
007 000470
008 160905b2007 ag|| 00| 0 spa d
020 _a9789870406693
040 _aBPMSU
_bspa
_cBPMSU
082 4 _a658.4092
_bW812P 2007
_222
100 1 _aWise, Tom
245 1 0 _aPeter Drucker :
_bEl personaje /
_cTom Wise.
260 _aBuenos Aires :
_bAguilar,
_c2007.
300 _a2v. ;
_c22 cm.
500 _a
500 _aIncluye datos del autor en la solapa de la cubierta.
500 _aPrimera reimpresión: mayo de 2008.
590 _aInventariado, 2023/VM
600 1 4 _aDrucker, Peter
_d1909-2005
_xCrítica e interpretación
650 4 _aLiderazgo.
650 4 _aAptitud de mando
650 4 _aDisciplina laboral.
650 4 _aGerentes
910 _a VMateo V. Control de calidad BPMSU
942 _2ddc
_cBK
999 _c11309
_d11309